Branding India; (Record no. 29119)
[ view plain ]
| 000 -LEADER | |
|---|---|
| fixed length control field | 00845nam a22002177a 4500 |
| 008 - FIXED-LENGTH DATA ELEMENTS--GENERAL INFORMATION | |
| fixed length control field | 090811t xxu||||| |||| 00| 0 eng d |
| 010 ## - LCCN (DPL NO) | |
| LC control number | B-353870 |
| 020 ## - INTERNATIONAL STANDARD BOOK NUMBER | |
| International Standard Book Number | 9788872238094 |
| Terms of availability | 499-00 |
| 035 ## - SYSTEM CONTROL NUMBER | |
| System control number | B-353870 |
| 037 ## - SOURCE OF ACQUISITION | |
| Stock number | UBH |
| Source of stock number/acquisition | RP/CL/E;16/81/25-07-09/31-07-09 |
| 040 ## - CATALOGING SOURCE | |
| Original cataloging agency | dpl |
| Language of cataloging | eng |
| 082 ## - DEWEY DECIMAL CLASSIFICATION NUMBER | |
| Classification number | 338.4791 |
| 100 ## - MAIN ENTRY--PERSONAL NAME | |
| Personal name | Kant Amitabh |
| 245 ## - TITLE STATEMENT | |
| Title | Branding India; |
| Remainder of title | an incredible story/ |
| Statement of responsibility, etc | by Amitabh Kant |
| 260 ## - PUBLICATION, DISTRIBUTION, ETC. (IMPRINT) | |
| Place of publication, distribution, etc | Noida |
| Name of publisher, distributor, etc | Harper Collins Publishers |
| Date of publication, distribution, etc | 2009 |
| 270 ## - ADDRESS | |
| Address | A-53 Sec 57 Noida |
| City | Noida |
| Postal code | 201301 |
| 300 ## - PHYSICAL DESCRIPTION | |
| Extent | 267pgs |
| Dimensions | 21cm |
| Type of unit | 1 |
| 942 ## - ADDED ENTRY ELEMENTS (KOHA) | |
| Source of classification or shelving scheme | Dewey Decimal Classification |
| Item type | English Books |
| Classification part | 338.4791 |
| Call number suffix | KAN |
| Withdrawn status | Lost status | Source of classification or shelving scheme | Damaged status | Not for loan | Home library | Current library | Date acquired | Source of acquisition | Cost, normal purchase price | Total Checkouts | Full call number | Barcode | Date last seen | Copy number | Cost, replacement price | Koha item type |
|---|---|---|---|---|---|---|---|---|---|---|---|---|---|---|---|---|
| Dewey Decimal Classification | Central Library | Central Library | 31/07/2009 | RP /CL | 499.00 | 338.4791 KAN | B-353870 | 11/08/2009 | 1 | 499.00 | English Books |
